|
|
|
|
| LEADER |
00000cam a2200000 7i4500 |
| 001 |
0000008997 |
| 005 |
20161102.0 |
| 020 |
|
|
|a 013800920
|
| 040 |
|
|
|a INS
|
| 090 |
0 |
0 |
|a KF2042.R4
|b S44 1973
|
| 100 |
1 |
|
|a Semenow, Robert W.
|
| 245 |
1 |
0 |
|a Selected cases in real estate
|c by Robert W. Semenow
|
| 260 |
|
|
|a Englewood Cliffs :
|b Prentice Hall ,
|c 1973
|
| 300 |
|
|
|a 638p ;
|c 26cm.
|
| 650 |
0 |
0 |
|a Real estate business
|x Law and legislation
|z United States
|
| 650 |
0 |
0 |
|a Real estate
|x Study and cases
|
| 650 |
0 |
0 |
|a Real property
|z United State
|x Cases
|
| 999 |
|
|
|a 0000024119
|b BOOK
|c Open Shelf
|e Default branch
|